Molecular Feminisms (Record no. 64173)

MARC details
000 -LEADER
fixed length control field 01683nam a2200217Ii 4500
008 - FIXED-LENGTH DATA ELEMENTS--GENERAL INFORMATION
fixed length control field 221202s xx 000 0 und d
100 1# - MAIN ENTRY--PERSONAL NAME
Personal name Roy, Deboleena,
Relator term author
245 #0 - TITLE STATEMENT
Title Molecular Feminisms
246 ## - VARYING FORM OF TITLE
Title proper/short title Biology, Becomings, and Life in the Lab
264 ## - PRODUCTION, PUBLICATION, DISTRIBUTION, MANUFACTURE, AND COPYRIGHT NOTICE
Name of producer, publisher, distributor, manufacturer University of Washington Press
Date of production, publication, distribution, manufacture, or copyright notice 2018
300 ## - PHYSICAL DESCRIPTION
Extent 1 online resource
336 ## - CONTENT TYPE
Content type term text
Content type code txt
Source rdacontent
337 ## - MEDIA TYPE
Media type term computer
Media type code c
Source rdamedia
338 ## - CARRIER TYPE
Carrier type term online resource
Carrier type code cr
Source rdacarrier
520 ## - SUMMARY, ETC.
Summary, etc. “Should feminists clone?” “What do neurons think about?” “How can we learn from bacterial writing?” These and other provocative questions have long preoccupied neuroscientist, molecular biologist, and intrepid feminist theorist Deboleena Roy, who takes seriously the capabilities of lab “objects”—bacteria and other human, nonhuman, organic, and inorganic actants—in order to understand processes of becoming. In Molecular Feminisms, Roy investigates science as feminism at the lab bench, engaging in an interdisciplinary conversation between molecular biology, Deleuzian philosophies, posthumanism, and postcolonial and decolonial studies. She brings insights from feminist theory together with lessons learned from bacteria, subcloning, and synthetic biology, arguing that renewed interest in matter and materiality must be accompanied by a feminist rethinking of scientific research methods and techniques.
653 ## - INDEX TERM--UNCONTROLLED
Uncontrolled term Science And Technology Studies
653 ## - INDEX TERM--UNCONTROLLED
Uncontrolled term Sociology
653 ## - INDEX TERM--UNCONTROLLED
Uncontrolled term Women'S, Gender, And Sexuality Studies
856 ## - ELECTRONIC LOCATION AND ACCESS
Uniform Resource Identifier <a href="https://library.oapen.org/bitstream/20.500.12657/27684/1/1002322.pdfhttp://library.oapen.org/handle/20.500.12657/27684">https://library.oapen.org/bitstream/20.500.12657/27684/1/1002322.pdfhttp://library.oapen.org/handle/20.500.12657/27684</a>
942 ## - ADDED ENTRY ELEMENTS (KOHA)
Koha item type E-Book
Holdings
Withdrawn status Damaged status Not for loan Home library Current library Date acquired Total Checkouts Date last seen Price effective from Koha item type
      Directory of Open Access Books Directory of Open Access Books 11/28/2022   11/28/2022 11/28/2022 E-Book

University of Rizal System
Email us at univlibservices@urs.edu.ph

Visit our Website www.urs.edu.ph/library